000 00480nam a2200193Ia 4500
001 31983
003 IN-NITTTR
005 20251114233426.0
008 251113s9999||||xx |||||||||||||| ||eng||
040 _beng
040 _cIN-NITTTR
041 _aeng
082 _a006.31 G616D
100 _aGoodfellow, Ian
245 0 _aDeep learning /
_cGoodfellow, Ian, Bengio, Yoshua, Courville, Aaron
700 _a Bengio, Yoshua
700 _a Courville, Aaron
942 _2ddc
_cBK
999 _c34613
_d34613